[Event "93rd ch-GBR"]
[Site "Swansea WLS"]
[Date "2006.08.14"]
[Round "8"]
[White "Knott,S"]
[Black "Varley,P"]
[Result "1-0"]
[WhiteElo "2387"]
[BlackElo "2228"]
[EventDate "2006.08.07"]

1. Nf3 d5 2. d4 e6 3. c4 Nf6 4. Nc3 Be7 5. Bg5 O-O 6. e3 h6 7. Bh4 Ne4 8.
Bxe7 Qxe7 9. Rc1 Nxc3 10. Rxc3 c6 11. Bd3 Nd7 12. cxd5 exd5 13. O-O Re8 14.
Qb1 Nf6 15. b4 a6 16. a4 Bd7 17. Rfc1 Rec8 18. Ne5 Be6 19. h3 Nd7 20. Nxd7
Bxd7 21. Rc5 b6 22. R5c3 Qd6 23. a5 b5 24. Rc5 Qf6 25. Be2 Ra7 26. Bg4 Bxg4
27. hxg4 Rd7 28. Qf5 Qxf5 29. gxf5 Rd6 30. Kf1 Kf8 31. Ke2 Ke7 32. Kd3 Kd7
33. f3 f6 34. e4 dxe4+ 35. fxe4 Rd8 36. d5 cxd5 37. exd5 Ke7 38. Kd4 Kf8
39. Re1 g6 40. Re6 gxf5 41. Rxd6 Rxd6 42. Rc7 Rd8 43. Kc5 Re8 44. Rc6 Re2
45. Rxa6 Rxg2 46. Rxf6+ Ke7 47. Rxf5 Rg8 48. Kxb5 Rb8+ 49. Ka4 Rh8 50. Rh5
Kd6 51. a6 Kc7 52. Ka5 Rd8 53. b5 Rd6 54. Re5 Rg6 55. b6+ 1-0

[Event "93rd ch-GBR"]
[Site "Swansea WLS"]
[Date "2006.08.14"]
[Round "8"]
[White "Sowray,P"]
[Black "Ledger,S"]
[Result "1-0"]
[WhiteElo "2357"]
[BlackElo "2177"]
[EventDate "2006.08.07"]

1. e4 c5 2. Nf3 Nc6 3. d4 cxd4 4. Nxd4 e5 5. Nb5 a6 6. Nd6+ Bxd6 7. Qxd6
Qf6 8. Qc7 Nge7 9. Nc3 Nb4 10. Bd3 d5 11. O-O d4 12. Na4 Qc6 13. Qxc6+
Nexc6 14. Nb6 Rb8 15. Bd2 Nxd3 16. cxd3 Be6 17. f4 f6 18. b4 Rd8 19. f5 Bd7
20. a4 Na7 21. Rfc1 Bc6 22. Rc5 O-O 23. Kf2 Nc8 24. Nc4 Nd6 25. Nxd6 Rxd6
26. b5 axb5 27. axb5 Bd7 28. Bb4 Rb6 29. Rc7 1-0

[Event "93rd ch-GBR"]
[Site "Swansea WLS"]
[Date "2006.08.14"]
[Round "8"]
[White "Ashton,A"]
[Black "Sugden,J"]
[Result "1-0"]
[WhiteElo "2329"]
[BlackElo "2166"]
[EventDate "2006.08.07"]

1. e4 c5 2. Nf3 e6 3. d4 cxd4 4. Nxd4 a6 5. Nc3 b5 6. Bd3 Bb7 7. O-O Qc7 8.
Qe2 Nf6 9. Bg5 Nc6 10. Nxc6 Qxc6 11. Rae1 Be7 12. f4 b4 13. Nb1 O-O 14. Nd2
d6 15. e5 dxe5 16. fxe5 Nd5 17. Ne4 Bxg5 18. Nxg5 g6 19. Qg4 Ne7 20. Qh3 h6
21. Ne4 Kg7 22. Nd6 Qc5+ 23. Kh1 Bd5 24. Qh4 Ng8 25. Rf4 a5 26. Ref1 Ra7
27. Qg3 g5 28. h4 f5 29. exf6+ Kh8 30. R4f2 gxh4 31. Qxh4 Qxd6 32. f7 Raxf7
33. Rxf7 Rxf7 34. Rxf7 1-0

[Event "93rd ch-GBR"]
[Site "Swansea WLS"]
[Date "2006.08.14"]
[Round "8"]
[White "Tippleston,C"]
[Black "Rudd,J"]
[Result "0-1"]
[WhiteElo "2203"]
[BlackElo "2328"]
[EventDate "2006.08.07"]

1. e4 d6 2. d4 g6 3. Nc3 Bg7 4. Be3 b6 5. Qd2 Bb7 6. O-O-O Nd7 7. f3 e6 8.
h4 h6 9. h5 g5 10. d5 Ngf6 11. dxe6 fxe6 12. Nge2 a6 13. Nd4 Qe7 14. Bc4
Nf8 15. Bb3 O-O-O 16. Qf2 c5 17. Nde2 d5 18. Na4 d4 19. Nxd4 cxd4 20. Nxb6+
Kb8 21. Rxd4 N8d7 22. Nc4 Rhf8 23. Qg3+ e5 24. Rd6 Rc8 25. Rhd1 Rc7 26. Qe1
Rfc8 27. Na5 Nc5 28. Bc4 Bf8 29. Rb6 Na4 30. Rxb7+ Rxb7 31. Nxb7 Qxb7 32.
Bb3 Nc5 33. Bd5 Qb5 34. Kb1 Na4 35. Bb3 Nb6 36. Rd3 Bb4 37. Qf2 Nfd7 38.
Qg3 a5 39. Rd1 Qe2 40. c3 Bxc3 41. Bc1 a4 42. Rxd7 axb3 43. axb3 Nxd7 44.
bxc3 Rxc3 0-1

[Event "93rd ch-GBR"]
[Site "Swansea WLS"]
[Date "2006.08.14"]
[Round "8"]
[White "Thomas,Ni"]
[Black "Constantinou,P"]
[Result "1/2-1/2"]
[WhiteElo "2299"]
[BlackElo "2148"]
[EventDate "2006.08.07"]

1. e4 d5 2. exd5 Qxd5 3. Nc3 Qe5+ 4. Nge2 Nf6 5. d4 Qa5 6. Bd2 c6 7. Ne4
Qb6 8. Nxf6+ exf6 9. Bc3 Bb4 10. Qd2 Bxc3 11. Qxc3 O-O 12. O-O-O Na6 13.
Nf4 Nb4 14. Qb3 Bf5 15. c3 Qc7 16. g3 Be4 17. Rg1 Nd5 18. Nxd5 Bxd5 19. Bc4
Qd7 20. Bxd5 cxd5 21. Rde1 Rfe8 22. Qc2 b5 23. Qd2 Re6 24. Re3 a5 25. Rge1
Rae8 26. a3 Rb8 27. Qe2 Rbb6 28. Qg4 g6 29. Qf4 Kg7 30. h4 h5 31. Rxe6 Rxe6
32. Rxe6 Qxe6 33. Kd2 a4 34. Qf3 Qc6 35. Kc2 Qe6 36. Qd3 Qe8 37. b3 Qc6 38.
Qe2 Qd7 39. Kb2 Qc6 40. Qe7 Qc8 41. Qe2 Qc6 42. f4 Qd7 43. Kc2 Qc6 44. Qe7
Qc8 45. Qe2 Qc6 46. Qd3 Kf8 1/2-1/2

[Event "93rd ch-GBR"]
[Site "Swansea WLS"]
[Date "2006.08.14"]
[Round "8"]
[White "Hodgson,Jo"]
[Black "Britton,R"]
[Result "1/2-1/2"]
[WhiteElo "2218"]
[BlackElo "2288"]
[EventDate "2006.08.07"]

1. e4 c5 2. Nf3 d6 3. Bc4 e6 4. O-O Nf6 5. Re1 Be7 6. c3 O-O 7. Bb3 b6 8.
d4 Bb7 9. Nbd2 cxd4 10. cxd4 Nc6 11. a3 Rc8 12. Bc2 Qc7 13. Bd3 Nd7 14. b4
a6 15. Bb2 b5 16. Rc1 Qb8 17. Qe2 e5 18. Nb3 Nb6 1/2-1/2

[Event "93rd ch-GBR"]
[Site "Swansea WLS"]
[Date "2006.08.14"]
[Round "8"]
[White "Briscoe,C"]
[Black "Ledger,D"]
[Result "0-1"]
[WhiteElo "2137"]
[BlackElo "2274"]
[EventDate "2006.08.07"]

1. e4 e5 2. d4 exd4 3. c3 d5 4. exd5 Qxd5 5. cxd4 Nc6 6. Nf3 Bg4 7. Be2
Bb4+ 8. Nc3 Bxf3 9. Bxf3 Qc4 10. Bxc6+ bxc6 11. Qe2+ Qxe2+ 12. Kxe2 O-O-O
13. Be3 Ne7 14. Rhd1 Rhe8 15. Kf3 Bxc3 16. bxc3 Rd5 17. c4 Ra5 18. a4 Kd7
19. g4 Rb8 20. Bd2 Rb3+ 21. Ke2 Ra6 22. a5 Rh3 23. Be3 h5 24. gxh5 Rxh5 25.
Bd2 g6 26. Bb4 Nf5 27. Bc5 Rxh2 28. Rdb1 Rh4 29. Kd3 Rh3+ 30. Ke4 Nd6+ 31.
Bxd6 Kxd6 32. c5+ Ke6 33. Rb8 f5+ 34. Kf4 Rh4+ 35. Ke3 Re4+ 36. Kd3 Kf6 37.
Rf8+ Kg7 38. Rd8 Re7 39. Ra2 g5 40. Kc4 g4 41. Kd3 Kf6 42. Rg8 Rh7 43. Ra1
Rh3+ 44. Kd2 Rb3 45. Rh1 Rxa5 46. Rh6+ Kf7 47. Rc8 Ra2+ 48. Kc1 Rh3 49.
Rxc7+ Ke8 50. Rcxc6 Rxh6 51. Rxh6 Rxf2 52. Kd1 Rf4 53. Rd6 g3 54. Re6+ Kd7
55. Ra6 g2 56. Rxa7+ Kc6 57. Ra6+ Kb7 58. Rb6+ Kc7 59. Rg6 Rg4 0-1

[Event "93rd ch-GBR"]
[Site "Swansea WLS"]
[Date "2006.08.14"]
[Round "8"]
[White "Roberson,P"]
[Black "Mason,D"]
[Result "1/2-1/2"]
[WhiteElo "2122"]
[BlackElo "2266"]
[EventDate "2006.08.07"]

1. e4 c5 2. c3 e6 3. d4 d5 4. exd5 exd5 5. Nf3 Bd6 6. Be2 Nc6 7. O-O Nge7
8. dxc5 Bxc5 9. Nbd2 O-O 10. Nb3 Bb6 11. Re1 Bg4 12. Nfd4 Bxe2 13. Rxe2 Qd6
14. Be3 Bc7 15. Nf3 Rfe8 16. Nbd4 Nxd4 17. Bxd4 Nc6 18. g3 Nxd4 1/2-1/2

[Event "93rd ch-GBR"]
[Site "Swansea WLS"]
[Date "2006.08.14"]
[Round "8"]
[White "Khandelwal,A"]
[Black "Addison,B"]
[Result "0-1"]
[WhiteElo "1974"]
[BlackElo "2241"]
[EventDate "2006.08.07"]

1. e4 e5 2. d4 exd4 3. Qxd4 Nc6 4. Qe3 Nf6 5. e5 Ng4 6. Qe2 d6 7. h3 Ngxe5
8. f4 Qh4+ 9. Kd1 Nd4 10. Qe4 Qf2 11. Ne2 Nxe2 12. Bxe2 f5 13. Qd5 c6 14.
Qd2 Ng6 15. Re1 Be7 16. Nc3 Be6 17. Nb5 O-O-O 18. Nd4 Bd7 19. Rf1 Qxg2 20.
Qa5 c5 21. Nf3 Kb8 22. Be3 Bc6 23. Kd2 Nh4 24. Rf2 Qxh3 25. Ne1 Bf6 26. Qa3
Rhe8 27. Rf1 Re7 28. c4 Bxb2 29. Qb3 Bxa1 30. Nc2 Bf6 31. Nb4 Bg2 32. Na6+
Ka8 33. Rb1 Qxe3+ 0-1

[Event "93rd ch-GBR"]
[Site "Swansea WLS"]
[Date "2006.08.14"]
[Round "8"]
[White "Snape,I"]
[Black "Eggleston,D"]
[Result "1-0"]
[WhiteElo "2241"]
[BlackElo "2232"]
[EventDate "2006.08.07"]

1. c4 e6 2. g3 d5 3. Bg2 dxc4 4. Qc2 Nd7 5. Qxc4 a6 6. Qc2 c5 7. Nf3 Ngf6
8. Nc3 Bd6 9. O-O O-O 10. d4 cxd4 11. Nxd4 Nb6 12. Rd1 Qc7 13. Bg5 Be5 14.
Rac1 Rd8 15. Nf3 Bxc3 16. Qxc3 Rxd1+ 17. Rxd1 Qe7 18. Qd4 Nbd7 19. Ne5 Nxe5
20. Qxe5 h6 21. Bxf6 gxf6 22. Qe3 Kg7 23. Qb6 a5 24. Qd6 Qe8 25. Qc7 Qa4
26. Rd8 Qxa2 27. Qc5 Qb1+ 28. Bf1 e5 29. Qf8+ Kg6 30. Qg8+ Kh5 31. Qxf7+
1-0

[Event "93rd ch-GBR"]
[Site "Swansea WLS"]
[Date "2006.08.14"]
[Round "8"]
[White "Fowler,S"]
[Black "Shaw,P"]
[Result "0-1"]
[WhiteElo "2181"]
[BlackElo "2122"]
[EventDate "2006.08.07"]

1. d4 e6 2. e4 b6 3. Bd3 Bb7 4. Nc3 d6 5. f4 Ne7 6. Nf3 g6 7. O-O Bg7 8. f5
gxf5 9. exf5 Nxf5 10. Bxf5 exf5 11. Qd3 O-O 12. Qxf5 Qf6 13. Qh3 Qg6 14.
Nh4 Bxd4+ 15. Kh1 Qe6 16. Nf5 Kh8 17. Bg5 Rg8 18. Rae1 Be5 19. Rxe5 dxe5
20. Qh4 Nd7 21. Nh6 Rg7 22. Rf6 Nxf6 23. Bxf6 Qc6 24. Qg5 Qxg2+ 25. Qxg2
Bxg2+ 26. Kg1 Bh3+ 27. Kf2 Re8 28. Ne4 Re6 29. Nxf7+ Kg8 0-1

[Event "93rd ch-GBR"]
[Site "Swansea WLS"]
[Date "2006.08.14"]
[Round "8"]
[White "Bonafont,P"]
[Black "Corke,A"]
[Result "0-1"]
[WhiteElo "2118"]
[BlackElo "2179"]
[EventDate "2006.08.07"]

1. d4 Nf6 2. Nf3 c6 3. c4 d5 4. Nc3 dxc4 5. a4 Bf5 6. e3 e6 7. Bxc4 Bb4 8.
O-O O-O 9. Qe2 Bg6 10. Ne5 Nbd7 11. Nxg6 hxg6 12. e4 Nb6 13. e5 Qxd4 14.
Bxe6 Rfe8 15. Rd1 Qc5 16. exf6 Rxe6 17. Be3 Bxc3 18. bxc3 Qxc3 19. fxg7 Nd5
20. Rac1 Qxg7 21. Qf3 Nxe3 22. fxe3 Rae8 23. Rd3 R6e7 24. Rb1 Qh6 25. Rbb3
Qg5 26. h3 Qe5 27. Rd4 c5 28. Rf4 Rd8 29. h4 Qa1+ 30. Kh2 Rd1 31. Kg3 Rh1
32. Kg4 Qe5 33. Kg3 Rxh4 34. Kxh4 g5+ 35. Kg3 gxf4+ 36. Qxf4 Qxf4+ 37. exf4
Kg7 38. Kh4 Kf6 39. Rc3 b6 40. a5 Rd7 41. g4 Rc7 42. axb6 axb6 43. Rd3 Rc6
44. g5+ Ke7 45. f5 c4 46. Re3+ Kf8 47. f6 c3 48. Kh5 c2 49. Rd3 Rc8 50. g6
fxg6+ 0-1

[Event "93rd ch-GBR"]
[Site "Swansea WLS"]
[Date "2006.08.14"]
[Round "8"]
[White "Chevannes,S"]
[Black "Sherwin,J"]
[Result "1/2-1/2"]
[WhiteElo "2080"]
[BlackElo "2291"]
[EventDate "2006.08.07"]

1. d4 Nf6 2. Nf3 d5 3. c3 Bf5 4. Bf4 e6 5. e3 Nbd7 6. Bd3 Ne4 7. Qc2 c5 8.
Nbd2 Nxd2 9. Nxd2 Bxd3 10. Qxd3 Be7 11. Nf3 O-O 12. O-O Qb6 13. Qe2 Rfe8
14. Ne5 Rad8 15. Rab1 Nf6 16. Qf3 Ne4 17. Nxf7 Nd2 18. Qh5 Rc8 19. h4 Nxb1
20. Nh6+ gxh6 21. Qg4+ Kf7 22. Qh5+ 1/2-1/2

[Event "93rd ch-GBR"]
[Site "Swansea WLS"]
[Date "2006.08.14"]
[Round "8"]
[White "Surtees,M"]
[Black "Poobalasingam,P"]
[Result "1-0"]
[WhiteElo "2182"]
[BlackElo "2068"]
[EventDate "2006.08.07"]

1. e4 e6 2. Nf3 d5 3. e5 Ne7 4. h4 Nd7 5. c3 c5 6. d4 Nc6 7. Ng1 Qb6 8. Ne2
cxd4 9. cxd4 f6 10. f4 Bb4+ 11. Nbc3 fxe5 12. fxe5 O-O 13. a3 Be7 14. Na4
Qd8 15. g3 b5 16. Nac3 Qb6 17. Rh2 Ba6 18. Bh3 Ncxe5 19. Nf4 b4 20. axb4
Bxb4 21. Rxa6 Qxa6 22. dxe5 Nxe5 23. Bxe6+ Kh8 24. Qxd5 Qa1 25. Rc2 Qb1 26.
Qe4 Rae8 27. Kd1 Rd8+ 28. Ncd5 Bd6 29. h5 Rde8 30. Re2 Qxe4 31. Rxe4 Ng4
32. Kc2 Nf6 33. Nxf6 Rxf6 34. Bd5 Rc8+ 35. Kb1 g5 36. hxg6 hxg6 37. Be3 Kh7
38. Bd4 Rff8 39. Ne6 Rf1+ 40. Ka2 Bxg3 41. Re3 Rf5 42. Be4 Ra5+ 43. Kb1 Re8
44. Bc6 Rc8 45. Bd7 Rc4 46. Rxg3 Rd5 47. Bc3 Rxd7 48. Nf8+ 1-0

[Event "93rd ch-GBR"]
[Site "Swansea WLS"]
[Date "2006.08.14"]
[Round "8"]
[White "Cannon,Ri"]
[Black "Goodger,M"]
[Result "1/2-1/2"]
[WhiteElo "2102"]
[BlackElo "2128"]
[EventDate "2006.08.07"]

1. e4 e5 2. Nc3 Nf6 3. Nf3 Nc6 4. d4 exd4 5. Nxd4 Bb4 6. Nxc6 bxc6 7. Bd3
d5 8. exd5 cxd5 9. O-O O-O 10. Bg5 c6 11. Qf3 Be7 12. h3 h6 13. Bh4 g5 14.
Bg3 Bd6 15. Bf5 Bxf5 16. Qxf5 Nh5 17. Be5 Bxe5 18. Qxe5 Re8 19. Qd4 Nf4 20.
Rfe1 Ne6 21. Qe5 Ng7 22. Qd4 Ne6 23. Qe5 Ng7 1/2-1/2

[Event "93rd ch-GBR"]
[Site "Swansea WLS"]
[Date "2006.08.14"]
[Round "8"]
[White "Thomas,Jos"]
[Black "Nicholson,Jo"]
[Result "1-0"]
[WhiteElo "2029"]
[BlackElo "1945"]
[EventDate "2006.08.07"]

1. e4 e6 2. b3 c5 3. Bb2 Nc6 4. Nf3 Nf6 5. e5 Nd5 6. Nc3 Nxc3 7. dxc3 Be7
8. Bd3 f5 9. Qe2 a5 10. a4 d5 11. exd6 Qxd6 12. O-O-O e5 13. Bb5 Qh6+ 14.
Kb1 e4 15. Ne5 O-O 16. Nxc6 bxc6 17. Bc4+ Kh8 18. f3 Qg6 19. Rhe1 Bh4 20.
g3 Bg5 21. fxe4 fxe4 22. Ba3 Bf5 23. g4 1-0

[Event "93rd ch-GBR"]
[Site "Swansea WLS"]
[Date "2006.08.15"]
[Round "9"]
[White "Gormally,D"]
[Black "Parker,J"]
[Result "1/2-1/2"]
[WhiteElo "2513"]
[BlackElo "2509"]
[EventDate "2006.08.07"]

1. e4 e5 2. Nf3 Nc6 3. Bb5 Nf6 4. d3 d6 5. c3 g6 6. Nbd2 Bg7 7. Nf1 a6 8.
Ba4 b5 9. Bc2 h6 10. Ng3 d5 11. O-O O-O 12. Be3 Qe7 13. h3 Rd8 14. Qc1 Kh7
15. Re1 dxe4 16. dxe4 Be6 17. Nd2 Na5 18. b3 c5 19. Qa3 Nb7 20. Rad1 a5 21.
Qc1 1/2-1/2

[Event "93rd ch-GBR"]
[Site "Swansea WLS"]
[Date "2006.08.15"]
[Round "9"]
[White "Pert,N"]
[Black "Gordon,S"]
[Result "1/2-1/2"]
[WhiteElo "2503"]
[BlackElo "2443"]
[EventDate "2006.08.07"]

1. d4 Nf6 2. Nf3 e6 3. c4 b6 4. Nc3 Bb7 5. a3 d5 6. cxd5 Nxd5 7. Qc2 Nxc3
8. bxc3 Be7 9. e4 O-O 10. Bd3 c5 11. O-O Qc7 12. Qe2 Nd7 13. a4 Rfd8 14.
Be3 Rac8 15. Rab1 h6 16. Nd2 Bf8 17. e5 f5 18. Bc4 Qc6 19. Qf3 cxd4 20.
cxd4 Qxc4 21. Qxb7 Qxa4 22. Ra1 Qb4 23. Qxa7 f4 24. Bxf4 Qxd4 25. Be3 Qxe5
26. Nf3 Qf6 27. Bxb6 Nxb6 28. Qxb6 Bc5 29. Qb3 Kh8 30. Rae1 Re8 31. Re2 e5
32. Rfe1 Rb8 33. Qa4 Re7 34. h3 Rbe8 35. Qb5 Qb6 36. Qxb6 Bxb6 37. Nxe5 Kg8
38. Kf1 Bc7 39. Nd3 Rxe2 40. Rxe2 Rd8 41. Re3 Bb6 42. Rf3 Rf8 43. Rxf8+
Kxf8 44. Ke2 Kf7 45. Kf3 Bd8 46. Ke4 h5 47. Kd5 Kf6 48. Nc5 g6 49. Ne4+ Kf5
50. Ng3+ Kf6 51. Ke4 Bb6 52. f3 Bc7 53. Ne2 Bb8 54. Nf4 Bd6 55. Nd5+ Ke6
56. Ne3 Bb8 57. Nc2 Kf6 58. Nd4 Ba7 59. Kd5 Bb6 60. Ne2 Bc7 61. Kc6 Be5 62.
Kd7 Bb2 63. Kd6 Be5+ 64. Kd5 Bc7 65. Nc3 Bb8 66. Ke4 Bd6 67. Nd5+ Ke6 68.
Ne3 Kf6 69. f4 Bb8 70. Nc4 Bc7 71. Ne5 Bd6 72. Kd5 Ba3 73. Nc4 Bb4 74. Ke4
Bc5 75. Nd2 Bd6 76. Nf3 Bc7 77. Ne5 Bd6 78. Nd7+ Ke6 79. Nb6 Kf6 80. g3 Ke6
81. Nc4 Bc7 82. Ne3 Bb8 83. Nc2 Bd6 84. Ne3 Bb8 85. Nf1 Bd6 86. Nd2 Bb8 87.
Nc4 Bc7 88. g4 hxg4 89. hxg4 Kf6 90. Ne5 Ba5 91. Nf3 Bc7 92. g5+ Kg7 93.
Ne5 Ba5 94. Nc4 Bc7 95. Nb2 Kf7 96. Nd3 Kg7 97. Kd5 Kf7 98. Ne5+ Kg7 99.
Ke6 Ba5 100. Nf3 Bc7 101. Ne5 Ba5 102. Nc4 Bb4 103. Kd7 Bc5 104. Ke8 Bg1
105. Ne5 Be3 106. Nd3 Bd4 107. Nb4 Bc5 108. Nc6 Bd6 109. Nd4 Kg8 110. Ne6
Ba3 111. Nc7 Bd6 112. Nd5 Kg7 113. Kd7 Ba3 114. Ke6 Bc1 115. Ke5 Bb2+ 116.
Ke4 Kf7 117. Ne3 Ba3 118. Nc4 Bb4 119. Ne5+ Kg7 120. Nc6 Bd6 121. Nd4 Kf7
122. Nf3 Bb4 123. Ne5+ Kg7 124. Nd3 Ba3 125. Kf3 Bd6 126. Kg4 Kf7 127. f5
gxf5+ 128. Kxf5 Kg7 129. g6 Ba3 130. Nf4 Bb2 131. Nh5+ Kg8 132. Ng3 Kg7
133. Kg5 Bc1+ 134. Kh5 Bb2 135. Nf5+ Kg8 136. Nh6+ 1/2-1/2

[Event "93rd ch-GBR"]
[Site "Swansea WLS"]
[Date "2006.08.15"]
[Round "9"]
[White "Haslinger,S"]
[Black "Rowson,J"]
[Result "0-1"]
[WhiteElo "2423"]
[BlackElo "2579"]
[EventDate "2006.08.07"]

1. e4 c5 2. Nf3 Nc6 3. d4 cxd4 4. Nxd4 Nf6 5. Nc3 d6 6. Bg5 e6 7. Qd2 a6 8.
O-O-O h6 9. Nxc6 bxc6 10. Bf4 d5 11. Qe3 Be7 12. Be2 O-O 13. h4 Re8 14. Qg3
Kh8 15. Bc7 Qd7 16. Be5 Bf8 17. Qf3 Qe7 18. g4 Nd7 19. Bg3 g6 20. g5 h5 21.
exd5 cxd5 22. Ne4 dxe4 23. Qxe4 Rb8 24. Rxd7 Qxd7 25. Qe5+ Bg7 26. Qxb8 Qd5
27. Rd1 Qxa2 28. Qb3 Qa1+ 29. Kd2 Rd8+ 30. Bd3 Qa5+ 31. Ke2 Rd7 32. Qb8 Qd8
33. c3 e5 34. Bxe5 Qe8 35. f4 Rb7 36. Qd6 Bg4+ 37. Kd2 Bxe5 38. fxe5 Bxd1
39. Kxd1 Rxb2 40. Kc1 Rb7 41. Qxa6 Rc7 42. Qf6+ Kh7 43. Kd2 Rc6 44. Qf3 Kg8
45. Bb5 Qd8+ 46. Kc2 Rc5 47. e6 fxe6 48. Bd3 Qe8 49. Qf6 Qf7 50. Qd4 Rd5
51. Qe3 Ra5 52. Bc4 Qf5+ 53. Bd3 Qd5 54. Bxg6 Ra2+ 55. Kc1 Qh1+ 0-1

[Event "93rd ch-GBR"]
[Site "Swansea WLS"]
[Date "2006.08.15"]
[Round "9"]
[White "Hebden,M"]
[Black "Arakhamia,K"]
[Result "1/2-1/2"]
[WhiteElo "2532"]
[BlackElo "2427"]
[EventDate "2006.08.07"]

1. d4 Nf6 2. Nf3 g6 3. Nc3 d5 4. Bf4 Bg7 5. Qd2 Ne4 6. Nxe4 dxe4 7. Ne5 Be6
8. e3 O-O 9. Qb4 b6 10. O-O-O a5 11. Qa4 Bd5 12. Bb5 Ra7 13. h4 e6 14. h5
g5 15. h6 Bxe5 16. Bxe5 f6 17. Bg3 c6 18. Be2 b5 19. Qa3 b4 20. Qa4 Nd7 21.
c4 bxc3 22. bxc3 Nb6 23. Qa3 Rb7 24. Kd2 Nc4+ 25. Bxc4 Bxc4 26. Rb1 Rff7
27. Rb2 Bd3 28. c4 Bxc4 29. Rhb1 Rb5 30. Qc3 Qd5 31. a4 Rxb2+ 32. Qxb2 Ba6
33. Qb3 Rb7 34. Qxd5 cxd5 35. Rxb7 Bxb7 36. Kc3 Bc6 37. Kb3 Kf7 38. Bc7 Kg6
39. Bxa5 Kxh6 40. Kb4 Kg6 41. Bc7 Kf7 42. a5 Ke7 43. Kc5 Ba8 44. a6 Kd7 45.
Kb6 h5 46. Bh2 Kc8 47. Bd6 Kd7 48. Kc5 h4 49. Bh2 Bc6 50. Kb6 g4 51. Bf4 e5
52. dxe5 fxe5 53. Bxe5 d4 54. Bxd4 Bd5 55. Be5 h3 56. gxh3 gxh3 57. Bg3 Bc6
58. Bf4 Bd5 59. Bg3 1/2-1/2

[Event "93rd ch-GBR"]
[Site "Swansea WLS"]
[Date "2006.08.15"]
[Round "9"]
[White "Lalic,B"]
[Black "Cobb,J"]
[Result "1/2-1/2"]
[WhiteElo "2488"]
[BlackElo "2370"]
[EventDate "2006.08.07"]

1. d4 d5 2. c4 e6 3. Nc3 Nf6 4. cxd5 exd5 5. Bg5 c6 6. Qc2 Na6 7. e3 Nb4 8.
Qb1 c5 9. a3 cxd4 10. axb4 dxc3 11. bxc3 Be7 12. Bb5+ Bd7 13. Qd3 Bxb5 14.
Qxb5+ Qd7 15. Qxd7+ Nxd7 16. Bxe7 Kxe7 17. Ne2 Rhc8 18. O-O a6 19. Rfd1 Nf6
20. f3 Rc6 21. Kf2 Rd8 22. g4 Ne8 23. Rd3 g6 24. Nd4 Rc7 25. b5 axb5 26.
Nxb5 Rc5 27. Nd4 Rdc8 28. Ne2 Nc7 29. h4 h6 30. Rb1 b5 31. Rbd1 Ra8 32.
R1d2 Ra3 33. h5 gxh5 34. gxh5 Rc4 35. Nf4 1/2-1/2

[Event "93rd ch-GBR"]
[Site "Swansea WLS"]
[Date "2006.08.15"]
[Round "9"]
[White "Houska,Jo"]
[Black "Taylor,Mart"]
[Result "1/2-1/2"]
[WhiteElo "2364"]
[BlackElo "2332"]
[EventDate "2006.08.07"]

1. e4 e5 2. Nf3 Nc6 3. d4 exd4 4. Nxd4 Nf6 5. Nxc6 bxc6 6. e5 Qe7 7. Qe2
Nd5 8. c4 Nb6 9. Nc3 a5 10. Bd2 Qe6 11. Qe4 Ba6 12. b3 g6 13. f4 Bg7 14.
Bd3 O-O 15. O-O f5 16. Qf3 Rfe8 17. Rad1 d6 18. exd6 Qxd6 19. Kh1 a4 20.
Bc2 axb3 21. axb3 Qf6 22. Rfe1 Red8 23. Re3 Nd7 24. Na4 Nf8 25. Bc3 Rxd1+
26. Bxd1 Qd6 27. Be5 Bxe5 28. fxe5 Qd4 29. Re1 Re8 30. Qxc6 Rxe5 31. Rg1
Qf2 32. Qf3 Qd2 33. h3 Re3 34. Qc6 Re1 35. Bf3 Rxg1+ 36. Kxg1 Qe1+ 37. Kh2
Qe5+ 38. g3 Bc8 39. Nc5 g5 40. Qd5+ Qxd5 41. Bxd5+ Kg7 42. Kg2 1/2-1/2

[Event "93rd ch-GBR"]
[Site "Swansea WLS"]
[Date "2006.08.15"]
[Round "9"]
[White "Davies,Ni"]
[Black "Rudd,J"]
[Result "1-0"]
[WhiteElo "2512"]
[BlackElo "2328"]
[EventDate "2006.08.07"]

1. c4 g6 2. d4 Bg7 3. Nf3 Nf6 4. g3 O-O 5. Bg2 d6 6. O-O c5 7. Nc3 Nc6 8.
d5 Na5 9. Nd2 Bd7 10. Qc2 a6 11. b3 b5 12. Bb2 Rb8 13. Nd1 Re8 14. Bc3 e6
15. e4 bxc4 16. Ne3 exd5 17. exd5 cxb3 18. axb3 Nb7 19. Rfe1 Bb5 20. Qb2
Bd3 21. g4 c4 22. g5 Nh5 23. Bxg7 Nxg7 24. Ng4 Rxe1+ 25. Rxe1 Qxg5 26. Nf6+
Kh8 27. bxc4 h5 28. Nf3 Qf5 29. Ne8 Rxe8 30. Rxe8+ Kh7 31. Rf8 Nc5 32. Qb8
g5 33. Rh8+ Kg6 34. Qxd6+ f6 35. Qxc5 Be2 36. Nd2 1-0

[Event "93rd ch-GBR"]
[Site "Swansea WLS"]
[Date "2006.08.15"]
[Round "9"]
[White "Williams,Si"]
[Black "Ledger,D"]
[Result "1-0"]
[WhiteElo "2473"]
[BlackElo "2274"]
[EventDate "2006.08.07"]

1. d4 Nf6 2. c4 e6 3. Nf3 b6 4. g3 Ba6 5. Qc2 Bb7 6. Bg2 c5 7. d5 exd5 8.
cxd5 Bxd5 9. Nc3 Bc6 10. e4 Be7 11. e5 Nd5 12. Ne4 Nb4 13. Qe2 O-O 14. O-O
a6 15. Rd1 Bb5 16. Qd2 N8c6 17. a3 Nd3 18. a4 Bc4 19. Qc3 b5 20. Rxd3 Bxd3
21. Qxd3 c4 22. Qd2 Rb8 23. h4 Qa5 24. Qxd7 Rbc8 25. Qg4 Nxe5 26. Nxe5 Qe1+
27. Kh2 f5 28. Qh3 Bb4 29. axb5 axb5 30. h5 Rce8 31. Nf6+ Rxf6 32. Bd5+ Kh8
33. Ng6+ Rxg6 34. hxg6 Qxf2+ 35. Bg2 h6 36. Bxh6 f4 37. Bg5+ Kg8 38. Qh7+
Kf8 39. Qh8+ 1-0

[Event "93rd ch-GBR"]
[Site "Swansea WLS"]
[Date "2006.08.15"]
[Round "9"]
[White "Palliser,R"]
[Black "Ashton,A"]
[Result "1-0"]
[WhiteElo "2413"]
[BlackElo "2329"]
[EventDate "2006.08.07"]

1. d4 d5 2. c4 e6 3. Nf3 Nf6 4. Nc3 c6 5. Bg5 dxc4 6. e4 b5 7. e5 h6 8. Bh4
g5 9. Nxg5 hxg5 10. Bxg5 Nbd7 11. g3 Rg8 12. h4 Rxg5 13. hxg5 Nd5 14. g6
fxg6 15. Qg4 Qe7 16. Bg2 Kd8 17. Qxg6 Qb4 18. Qc2 Qa5 19. Kf1 Kc7 20. Rh7
b4 21. Ne4 Be7 22. Kg1 Ba6 23. Bf1 c3 24. bxc3 Bxf1 25. Rxf1 bxc3 26. Rb1
Re8 27. Rb3 Rb8 28. Rxb8 Kxb8 29. Nxc3 Qxc3 30. Qxc3 Nxc3 31. Rxe7 Kc7 32.
Kf1 Nb5 33. d5 cxd5 34. Rxe6 Nd4 35. Rd6 Nxe5 36. Rxd5 Ndf3 37. Ke2 Kc6 38.
Rd1 Kc5 39. Ke3 Ng5 40. Kf4 Ngf7 41. Kf5 Nc4 42. g4 Nfd6+ 43. Kf4 a5 44. g5
Kb4 45. g6 Ne8 46. Rd3 a4 47. Kg5 Nb2 48. Re3 Ng7 49. Re7 Ka3 50. Rxg7 1-0

[Event "93rd ch-GBR"]
[Site "Swansea WLS"]
[Date "2006.08.15"]
[Round "9"]
[White "Devereaux,M"]
[Black "Snape,I"]
[Result "1-0"]
[WhiteElo "2377"]
[BlackElo "2241"]
[EventDate "2006.08.07"]

1. e4 c5 2. Na3 g6 3. Nf3 Bg7 4. c3 Nf6 5. e5 Nd5 6. d4 cxd4 7. Qxd4 Nc7 8.
Qh4 h6 9. Bc4 Ne6 10. O-O a6 11. Rd1 Qc7 12. Be3 Nc6 13. Bxe6 dxe6 14. Nc4
b5 15. Bb6 Qb7 16. Rd8+ Nxd8 17. Nd6+ Kd7 18. Nxb7 Bxb7 19. Rd1+ Bd5 20. c4
g5 21. Qe4 Kc6 22. Qd4 1-0

[Event "93rd ch-GBR"]
[Site "Swansea WLS"]
[Date "2006.08.15"]
[Round "9"]
[White "Varley,P"]
[Black "Ward,C"]
[Result "0-1"]
[WhiteElo "2228"]
[BlackElo "2461"]
[EventDate "2006.08.07"]

1. d4 e6 2. e4 d5 3. Nc3 Bb4 4. e5 c5 5. a3 Bxc3+ 6. bxc3 Qa5 7. Bd2 Qa4 8.
Qg4 g6 9. Ra2 Nc6 10. Nf3 Bd7 11. Bd3 c4 12. Be2 h6 13. Qf4 g5 14. Qg4
O-O-O 15. h4 f5 16. Qg3 g4 17. Nh2 Nge7 18. f4 gxf3 19. Nxf3 Rdg8 20. Qf2
Be8 21. O-O Bh5 22. Kh2 Nd8 23. Rb1 Rh7 24. Bf1 Rg4 25. g3 Ng6 26. Bh3 Re4
27. Ng1 Qe8 28. Bg2 Rf7 29. Bxe4 fxe4 30. Qe3 Qf8 31. Nh3 Bg4 32. Nf4 Nxf4
33. gxf4 Rg7 34. Rg1 Qf5 35. Raa1 h5 36. Rab1 Nf7 37. Rg2 Nh6 38. Rbg1 Qf8
39. Be1 Nf5 40. Qc1 Qe7 41. Rh1 e3 42. a4 Nxh4 43. Qxe3 Nxg2 44. Kxg2 Qe8
45. Kf1 Qxa4 46. Rh2 a5 47. f5 Bxf5 48. Qh6 Rf7 49. Rf2 Qe8 50. Ke2 Bg4+
51. Kd2 Rxf2+ 52. Bxf2 a4 53. Bh4 a3 54. Kc1 Bf5 55. Qg7 a2 56. Kb2 a1=Q+
57. Kxa1 Qa4+ 0-1

[Event "93rd ch-GBR"]
[Site "Swansea WLS"]
[Date "2006.08.15"]
[Round "9"]
[White "Corke,A"]
[Black "Rendle,T"]
[Result "1/2-1/2"]
[WhiteElo "2179"]
[BlackElo "2390"]
[EventDate "2006.08.07"]

1. d4 e6 2. c4 f5 3. Nc3 Nf6 4. Bg5 Bb4 5. e3 O-O 6. Bd3 Qe8 7. Bxf6 Rxf6
8. Nge2 c6 9. c5 d5 10. Qa4 Bxc3+ 11. Nxc3 Nd7 1/2-1/2

[Event "93rd ch-GBR"]
[Site "Swansea WLS"]
[Date "2006.08.15"]
[Round "9"]
[White "Constantinou,P"]
[Black "Buckley,G"]
[Result "0-1"]
[WhiteElo "2148"]
[BlackElo "2379"]
[EventDate "2006.08.07"]

1. d4 g6 2. e4 Bg7 3. c3 d6 4. Bg5 h6 5. Bh4 Nf6 6. Nd2 O-O 7. Ngf3 c5 8.
dxc5 dxc5 9. Bxf6 exf6 10. Bc4 f5 11. O-O Nc6 12. Re1 g5 13. h3 g4 14. hxg4
fxg4 15. Nh2 Ne5 16. f4 gxf3 17. Nhxf3 Bg4 18. Be2 Bxf3 19. Nxf3 Qb6 20.
Nxe5 Bxe5 21. Qb3 Qg6 22. Qc2 Rad8 23. Bf3 Rd6 24. g4 Qg5 25. Rad1 Rfd8 26.
Rxd6 Rxd6 27. Rd1 Rf6 28. Rf1 h5 29. Qg2 hxg4 0-1